[Event "New York op"]
[Site "New York"]
[Date "1998.03.19"]
[Round "6"]
[White "Kudrin, Sergey"]
[Black "Miezis, Normunds"]
[Result "0-1"]
[WhiteElo "2565"]
[BlackElo "2505"]
[Annotator "Ribli,Z"]
[PlyCount "128"]
[EventDate "1998.03.16"]
[EventType "swiss"]
[EventRounds "9"]
[EventCountry "USA"]
[SourceTitle "CBM 064"]
[Source "ChessBase"]
[SourceDate "1998.06.02"]
[SourceVersion "1"]
[SourceVersionDate "1998.06.02"]
[SourceQuality "1"]

1. e4 {Bangiev} c5 2. Nf3 e6 3. Nc3 a6 4. d4 cxd4 5. Nxd4 Qc7 6. g3 {Natürlich
kann der B gut nach g2 entwickelt werden. Meiner Meinung nach hat Schwarz
jetzt aber viele gute Möglichkeiten. Es wäre besser für Weiß so zu spielen,
wenn Schwarz schon ...Nc6 gespielt hat. Ribli.} Bb4 {Das ist die prinzipielle
Fortsetzung. Schwarz nutzt die Tatsache aus, daß sein N noch auf b8 steht und
somit c3 hängt.} (6... Nf6 7. Bg2 d6 8. O-O Be7 {Das ist auch eine gut
spielbare Variante.}) 7. Bd2 (7. Nde2 $5) 7... Nf6 8. Bg2 Nc6 9. Nb3 (9. Nxc6
dxc6 10. O-O O-O 11. Qe1 $5 {Weiß bereitet e4-e5 vor.} (11. Nb5 Qe7 12. Bxb4
Qxb4 $11) 11... e5 12. Nb5 $14) 9... h5 $5 $146 {Das ist ein aus der
Paulsen-Variante bekanntes Motiv, in dieser konkreten Stellung aber ist es
eine Neuerung.} (9... Be7 {Es scheint, als hätte Schwarz mit 6...Bb4 und 9...
Be7 Zeit verloren, in Wirklichkeit aber steht der Springer schlechter auf b3
als auf d4, und auch der Bd2 steht nicht so aktiv.} 10. f4 (10. O-O d6 11. f4 (
11. a4 b6 12. g4 Bb7 13. f4 b5 14. g5 Nd7 15. Be3 b4 16. Nb1 O-O 17. N1d2 Rfd8
18. Qg4 Rac8 19. a5 d5 20. exd5 exd5 21. Bxd5 Nce5 $132 {1-0 Svidler,
P-Lependin,A/St.Petersburg U18-qual 1993 (39)}) 11... b5 12. Qe2 Bb7 13. Rae1
O-O 14. Be3 Nd7 15. a3 Nb6 16. Kh1 Nc4 17. Bc1 Bf6 18. g4 Bxc3 19. bxc3 f5 $13
{1-0 Svidler,P-Shulman,Y/St.Petersburg 1994 (41)}) 10... d6 11. Qf3 (11. O-O h5
(11... O-O {Bangiev}) 12. Qe2 h4 13. g4 h3 14. Bf3 b5 15. g5 Nd7 16. Rae1 Bb7
17. g6 fxg6 18. Bg4 Nd8 19. Nd4 Nf8 $13 {1-0 Sutovskij,E-Kogan,A/Rishon le
Zion YM 1995 (57)} (19... Nf8 20. a3 $14 {1-0 Sutovskij,E-Kogan,A/Rishon le
Zion YM 1995 (57)})) 11... Nd7 12. O-O-O Nb6 13. Kb1 Nc4 14. Bc1 Bd7 15. g4 h6
16. h4 O-O-O 17. g5 hxg5 18. hxg5 Kb8 19. Bf1 Na7 20. Rxh8 Rxh8 21. Nd4 Rc8 22.
b3 Na5 23. Bb2 N5c6 24. Nxc6+ Bxc6 {1/2-1/2 Fedorov,A-Balashov,Y/RUS-Cup02
1998 (37)}) (9... O-O {Bangiev} 10. O-O Be7 11. f4 (11. a4 d6 12. f4 Rb8 13. g4
b5 14. g5 Nd7 15. axb5 axb5 16. Qh5 g6 17. Qh4 b4 18. Nd1 f6 19. Bh3 Nc5 20.
Nxc5 dxc5 21. gxf6 Bxf6 {1/2-1/2 Kassebaum,R-Stickler,A/BL9394 1994}) (11. Bf4
d6 12. a4 b6 13. Qe2 Bb7 14. h3 Rac8 15. Be3 Ne5 16. Nd2 Nfd7 17. Rfd1 Rfd8 18.
f4 Nc4 19. Nxc4 Qxc4 20. Qf2 Qc7 21. Rd2 Bc6 22. Qe2 Qb7 $132 {0-1
Mnatsakanian,E-Khurtsidze,N/Erevan op 1996 (39)}) 11... Rd8 12. e5 Ne8 13. Qe2
d5 14. Rae1 Nb4 15. Be3 Nc6 16. Bf2 b5 17. g4 Bb7 18. f5 d4 19. fxe6 fxe6 20.
Ne4 Rd5 21. Bg3 $14 {Mazi,L-Farago,I/Aschach op 1994/1-0 (51)}) 10. f4 (10. O-O
h4) (10. h3) 10... d6 11. a3 $6 {Dieser Zug gefällt mir nicht. Früher oder
später muß Schwarz von sich aus auf c3 nehmen.} (11. Qe2 {Mit folgendem 12.
0-0-0 führt zu scharfen Spiel.} e5 (11... h4 {Bangiev} 12. O-O-O) 12. Nd5 Nxd5
13. exd5 $14) 11... Bxc3 12. Bxc3 e5 $1 {[%csl Rb3,Rc3] Jetzt haben der Bc3
und der Nb3 keine Zukunft mehr. Das Zentrum ist geschlossen, dadurch verliert
das weiße Läuferpaar an Kraft.} 13. f5 $6 {Das ist, glaube ich, zu früh. Es
wäre meines Erachtens besser, die Spannung aufrecht zu erhalten.} (13. Qd2 {
und Weiß bereitet 0-0-0 vor.} Be6 (13... Bg4 $5 14. h3 (14. f5 d5 $5) 14... Be6
) 14. f5 (14. O-O-O {Bangiev} Bxb3 (14... Ke7 15. Na5 $1) 15. cxb3 O-O-O $13) (
14. Na5 exf4 15. gxf4 Nxa5 16. Bxa5 Qc4 $13) 14... Bxb3 15. cxb3 $14) 13... b5
14. Qd2 {/\Na5} (14. Qd3 $1 {Bangiev} Ke7 (14... Rb8 15. O-O-O Ke7 16. Na5 $1
$16) 15. O-O-O Rd8 16. h3 Rb8 17. Bd2 $1 $16) 14... a5 $5 (14... Bb7 15. a4 $14
{Und wegen 12.Qd2 geht 14...b4 nicht.}) 15. Qg5 (15. O-O-O Ke7 {Das Zentrum
ist geschlossen. Somit befindet sich der schwarze König in der Mitte in
Sicherheit.} (15... b4 16. axb4 (16. Qxd6 $16) 16... axb4 17. Bxb4 Nd4 18. Bc3
Nxb3+ 19. cxb3 d5 $132) (15... Ke7 {Bangiev} 16. h3 $14)) 15... Kf8 16. h3 (16.
O-O Ba6 {[%cal Ga6f1]} 17. Rfe1 Ng4 {[%csl Rg1][%cal Rc7b6,Rb6g1]}) 16... Ba6 {
/\b4} 17. Qe3 Ke7 18. Kf2 b4 $15 19. axb4 axb4 20. Bd2 Bc4 {[%csl Rb3,Gc4] Der
schwarze Bc4 steht viel besser als sein Kollege auf g2.} 21. Rhc1 Rhb8 22. Rab1
Qb7 23. Kg1 Qb5 {[%csl Gb5,Gc4] Nach und nach verbessert Schwarz seine
Stellung, während Weiß praktisch nur abwarten kann.} 24. Be1 Rc8 25. Bf2 (25.
Nd2 Nd4 $15) 25... Bxb3 $1 {Schwarz möchte nach Möglichkeit 26...Nd4 mit
starkem Vorposten spielen.} 26. Qxb3 (26. cxb3 Nd4 $17 {[%csl Rb3,Gd4]}) 26...
Na5 27. Qf3 b3 28. c3 (28. cxb3 Nxb3 29. Rxc8 Rxc8 $17 {[%csl Gb3,Gb5,Gc8]
[%cal Gc8c1]}) 28... Nc4 $17 {Es ist bemerkenswert, daß das Springerpaar in
dieser Stellung dem Läuferpaar überlegen ist.} 29. Rd1 Ra2 {[%cal Ga2h2]} 30.
Qe2 {[%cal Ge2b5]} Qa4 {Schwarz befreit sich von der Feßlung.} 31. Bf3 Rc6 (
31... g6 32. fxg6 fxg6 33. g4 $132 {[%csl Re7][%cal Rf2h4,Rh4e7]}) 32. Kg2 (32.
Bxh5 Nxh5 $5 (32... Na3 33. Rbc1 (33. Ra1 $2 Nc2) 33... Nxe4 34. Bf3 Nxc3 $13)
33. Qxh5 Nxb2 34. Qg5+ Ke8 $17) 32... Na3 33. Rbc1 Nc2 34. Rb1 Rc4 {Natürlich
gibt sich Schwarz mit Stellungswiederholung nicht zufrieden.} (34... Na3 35.
Ra1) 35. Qd2 {[%cal Rd1d6]} Qc6 {[%csl Re4][%cal Rf6e4]} 36. Qg5 Kf8 37. Kg1
Ra8 {Schwarz verteidigt die Grundreihe.} (37... Nxe4 $6 38. Bxe4 Rxe4 (38...
Qxe4 39. Qd8#) 39. Qd8+ Qe8 40. Qxd6+ $13) 38. Rbc1 Rc8 39. Rb1 Kg8 (39... Nxe4
$6 40. Qxh5 {[%csl Rf8]}) 40. Bg2 Ra4 41. Rbc1 Rd8 42. Kh2 {Schwarz besitzt
klar die Initiative, und Weiß ist zu Abwartezügen verurteilt.} Ra2 {[%csl Ga2]
[%cal Ga2h2]} 43. Rb1 Qc4 44. Bb6 {Der weiße Läufer hängt in der Luft. Guter
Rat ist hier aber ohnehin schon teuer.} (44. g4 hxg4 45. hxg4 Na3 46. bxa3 Rxf2
$17 {[%csl Rh2]}) 44... Rd7 {[#]} 45. Bg1 (45. Kh1 Nxe4 {[%csl Ge4,Rh1][%cal
Re4g5,Re4f2]} 46. Qxh5 Nxg3+ $19) (45. Rd2 Nxe4 46. Bxe4 Qxe4 $17 {[%csl Ge4,
Rh2]}) 45... Na3 46. Ra1 (46. bxa3 Qxe4 {[%csl Rh2][%cal Re4g2]} 47. Rd2 Qxb1
$19 (47... Rxd2 48. Qxd2 Qxb1 $19)) 46... Rxb2 {[%csl Gb2][%cal Rb2h2]} 47. g4
Qe2 {[%cal Rb2g2]} 48. gxh5 {[%cal Gg5g2]} Nxe4 49. Qg4 Nc4 {[%csl Gb2,Gc4,Ge2,
Ge4] Schwarz besitzt einen Mehrbauern, seine sehr aktive Stellung ist jedoch
von noch größerer Bedeutung.} 50. Re1 (50. Qxe4 $4 Qxe4 $19 {[%cal Rb2h2]})
50... Qxg2+ $5 {Schwarz opfert die Qualität. Nun entscheidet der b-Freibauer,
unterstützt durch das Springerpaar, die Partie.} (50... Qxg4 51. hxg4 Nxc3 $17)
51. Qxg2 Rxg2+ 52. Kxg2 b2 {[%csl Gb2,Gc4,Ge4]} 53. Ra4 (53. Rab1 Nxc3 $19)
53... d5 54. Rb4 Nxc3 {[%csl Gb2,Gc3,Gc4] Schwarz besitzt aufgrund des
b-Freibauern und der verbundenen Zentrumsbauern ausgezeichnete Gewinnchancen.}
55. Bc5 Rc7 (55... b1=Q 56. Rexb1 Nxb1 57. Rxb1 Kh7 $17 {[%csl Rf5,Rh5]}) 56.
Bf2 d4 (56... f6 $19) 57. Bxd4 b1=Q (57... exd4 58. Re8+ Kh7 59. Rbb8 {[%csl
Rh7][%cal Rb8h8]} g6 (59... Kh6 60. h4 Kxh5 61. Kh3 Rc6 $19 {[%cal Gc6h6]}))
58. Rexb1 Nxb1 $19 59. Bxe5 Nxe5 60. Rxb1 f6 {Schwarz hat eine Figur mehr und
steht auf Gewinn.} 61. Kf2 Rc2+ 62. Kg3 Rc3+ 63. Kh4 Rf3 {[%csl Rf5]} 64. h6
Rxf5 {und Weiß gab in verlorener Stellung auf.} 0-1

[Event "Hoogovens"]
[Site "Wijk aan Zee"]
[Date "1999.01.23"]
[Round "6"]
[White "Svidler, Peter"]
[Black "Kasimdzhanov, Rustam"]
[Result "1-0"]
[WhiteElo "2713"]
[BlackElo "2595"]
[Annotator "Ribli,Z"]
[PlyCount "63"]
[EventDate "1999.01.16"]
[EventType "tourn"]
[EventRounds "13"]
[EventCountry "NED"]
[EventCategory "17"]
[SourceTitle "CBM 069"]
[Source "ChessBase"]
[SourceDate "1999.04.01"]
[SourceVersion "1"]
[SourceVersionDate "1999.04.01"]
[SourceQuality "1"]

1. e4 {Ftacnik} c5 2. Nf3 e6 3. d4 cxd4 4. Nxd4 a6 5. Nc3 b5 {Schwarz
entwickelt sich nicht, sondern gewinnt zuerst Raum am Damenflügel. Ribli.} 6.
Bd3 Qb6 7. Be3 {Die frühere Theorie empfahl die Variante 7.Nb3 Qc7 8.f4 mit
scharfer Stellung.} (7. Nce2 $5) 7... Bc5 8. Be2 $146 {[%mdl 8] '!?' Ftacnik.
Ftacnik: 'Important little discovery, white improves on the famous ideas in
this line.'  Dieser Zug bringt neues Leben in die Variante. Früher spielte
Weiß automatisch 8.Nce2, aber dann bekommt Schwarz besseres Spiel.} (8. Nce2
Nf6 9. h3 (9. c3 Ng4 (9... Qc7 10. O-O Bb7 11. Qc2 Be7 12. Bg5 d6 13. a4 bxa4
14. Rxa4 h6 15. Bxf6 Bxf6 16. Rfa1 O-O {0-1 Shour,J-Shaposhnikov,E/St.
Petersburg 1997/CBM 61 ext (40)}) 10. Bd2 e5 11. b4 Be7 12. h3 Nxf2 13. Kxf2
exd4 14. cxd4 Nc6 15. Rf1 Nxd4 16. Be3 Qf6+ 17. Kg1 Nxe2+ 18. Qxe2 Qe6 19. a4
Bb7 20. axb5 axb5 21. Rxa8+ Bxa8 22. Bxb5 O-O 23. Bd2 {1/2-1/2 Gazik,I-Banas,J/
SVK 1997/EXT 99 (51)}) (9. O-O Ng4 10. Ng3 Nxe3 11. fxe3 Bxd4 12. exd4 Qxd4+
13. Kh1 Nc6 14. c3 Qc5 15. Nh5 Qg5 16. Be2 O-O 17. Rf4 Ne5 18. Qd4 f6 19. Raf1
Bb7 {1-0 Yudasina,I-Botvinnik,I/ch-ISR (women), Ramat Aviv ISR (3.2) 1998 (66)}
) 9... Bb7 10. e5 Nd5 11. O-O Nc6 12. c3 Nxe3 13. fxe3 Nxe5 14. Ng3 Nxd3 15.
Qxd3 O-O 16. Rae1 f5 {0-1 Hoiberg,N-Kveinys,A/Aarhus 1997/EXT 99 (33)}) 8...
Nc6 9. Nxc6 dxc6 (9... Bxe3 10. fxe3 dxc6 (10... Qxc6 11. Qd4 {'+/=' Ftacnik.}
(11. e5 $14 {Ftacnik})) 11. Qd4 {[%cal Rd4g7,Rd4b6]} Qxd4 12. exd4 $14) 10.
Bxc5 Qxc5 11. Qd3 $5 {[%cal Gd3g3] Weiß bereitet die lange Rochade und den
Angriffszug Qg3 vor.} Nf6 {Ftacnik: 'Black is behind with the development and
his c8 bishop is locked by his own pawns.'} (11... e5 12. O-O-O {[%cal Rd3d8]}
Be6 (12... Qe7 {Ftacnik} 13. Qg3 $14) 13. Qg3 {[%csl Rg7]}) 12. f4 {[%cal
Re4e5]} e5 $8 (12... b4 {Ftacnik} 13. Na4 Qa5 14. Qd6 b3+ (14... Qxa4 15. b3
Nxe4 16. Qc7 $18) 15. Nc3 Bb7 16. Qe5 Qxe5 17. fxe5 Nd7 18. axb3 Nxe5 19. Ra5
$14) 13. f5 $14 {Weiß hat Raumvorteil und der schwarze Damenläufer hat keine
aktiven Möglichkeiten.} Bb7 14. O-O-O Ke7 $6 {[%csl Re7] '!?' Ftacnik. Ftacnik:
'A courageous move that avoids the problems with immediate pawn attack after
castling on the kingside. '} (14... O-O {Ftacnik} 15. g4 b4 16. g5 bxc3 (16...
Nh5 17. Na4 Qa5 18. Bxh5 Qxa4 19. Kb1 c5 20. f6 b3 21. axb3 Qxe4 22. Qxe4 Bxe4
23. fxg7 Kxg7 24. Rhe1 $18) 17. gxf6 cxb2+ 18. Kb1 gxf6 19. Qg3+ Kh8 20. Qh4
Qe7 21. Rd7 $1 $18) 15. g4 Rhd8 (15... h6 16. h4) 16. Qf3 b4 (16... Rxd1+ {
Ftacnik} 17. Rxd1 Rd8 18. g5 Rxd1+ 19. Nxd1 Nd7 20. Qh5 Qg1 21. f6+ gxf6 22.
gxf6+ Kxf6 23. Bg4 Nf8 24. h4 Kg7 25. Qxe5+ $16) 17. Na4 Qa5 18. b3 c5 (18...
Rxd1+ {Ftacnik} 19. Rxd1 Rd8 20. g5 (20. Rxd8 Qxd8 21. Qe3 Qd4 22. Qxd4 exd4
23. Nc5 Bc8 24. g5 Nd7 $14) 20... Rxd1+ 21. Bxd1 Nd7 22. Qh5 $14) 19. g5 $1 {
Ftacnik: 'An attack is the best defence and white correctly concentrates on
the assault of the black's king.'  Weiß opfert für chancenreichen Angriff
zeitweilig einen Bauern.} (19. Bd3 c4 $1 20. g5 (20. Bxc4 Bxe4 $19 {[%cal
Re4h1]}) 20... cxd3 21. gxf6+ gxf6 22. Rxd3 Bc6 $17) 19... Nxe4 (19... Ne8 {
Ftacnik} 20. f6+ $16) 20. f6+ $40 {[%mdl 128]} Kf8 (20... gxf6 21. gxf6+ $16)
21. Bd3 {[%csl Re4]} (21. fxg7+ Kg8) 21... Rd4 (21... Nd6 22. fxg7+ (22. Qh5 {
Ftacnik} gxf6 (22... Bxh1 23. Qxh7 gxf6 24. gxf6 Ke8 25. Bf5 $18) 23. gxf6 e4
24. Qxh7 Ke8 25. Bc4 $18) 22... Kg8 23. Bxh7+ Kxg7 (23... Kxh7 24. Qf6 $18 {
[%csl Rh7][%cal Rf6h6]}) 24. Qh5 $18) 22. Rde1 {'!' Ftacnik. Ftacnik: 'A very
important factor plays a displaced location of a black queen.'} (22. fxg7+ {
Ftacnik} Kxg7 (22... Kg8 23. Qf5 Re8 24. Rhf1 Qc7 25. Nxc5 $1 $18) 23. Bxe4
Bxe4 24. Qf6+ Kg8 25. Qxe5 Rc4 $1 26. bxc4 Bxh1 $13) 22... Nd6 23. Qh5 e4 (
23... gxf6 24. Qh6+ (24. gxf6 {Ftacnik} e4 (24... Bxh1 25. Rxe5 Nf5 26. Bxf5
$18) 25. Rhg1 Rc8 26. Rg5 Ke8 27. Nxc5 $18) 24... Ke8 25. Qxf6 $18) 24. g6 $1
$16 {'!!' Ftacnik. Ftacnik: 'This fine attacking move accelerates the opening
of the files against the black king and turns the game into brilliancy.'  Ein
schönes Bauernopfer! Weiß muß um jeden Preis Linien öffnen.} (24. Qxh7 {Ftacnik
} gxf6 25. gxf6 Ke8 26. Qh5 Kd8 $13) 24... fxg6 (24... gxf6 25. gxh7 $18) (
24... hxg6 $2 25. Qh8#) (24... exd3 {Ftacnik} 25. Qxh7 d2+ 26. Kb2 d1=N+ 27.
Ka1 $18) 25. Qxh7 gxf6 26. Rhg1 $1 g5 (26... exd3 27. Qh6+ (27. Rxg6 $18) 27...
Kf7 28. Qxg6+ $18) 27. Rxg5 $1 {Ftacnik: 'Time is often more important than
the material in the attacking positions.'  Ein weiteres schönes Opfer! Der
schwarze König steht allein im Sturm.} fxg5 28. Rf1+ Ke8 29. Qg7 $18 Kd8 {
Leider kann Schwarz nicht rochieren.} 30. Rf8+ Ne8 31. Qxb7 Rc8 (31... exd3 32.
Qxa8+ Kc7 33. Rf7+ Kd6 34. Qxe8 $18) 32. Qf7 {[%csl Rd8,Re8]} 1-0

[Event "Petrov Memorial op"]
[Site "St Petersburg"]
[Date "1996.??.??"]
[Round "3"]
[White "Shaposhnikov, Evgeny"]
[Black "Vyzmanavin, Alexey"]
[Result "0-1"]
[WhiteElo "2320"]
[BlackElo "2610"]
[Annotator "Ribli,Z"]
[PlyCount "76"]
[EventDate "1996.02.??"]
[EventType "swiss"]
[EventRounds "9"]
[EventCountry "RUS"]
[SourceTitle "CBM 052"]
[Source "ChessBase"]
[SourceDate "1996.06.01"]
[SourceVersion "1"]
[SourceVersionDate "1996.06.01"]
[SourceQuality "1"]

1. e4 c5 2. Nf3 e6 3. d4 cxd4 4. Nxd4 a6 5. Nc3 Qc7 6. Be2 b5 7. O-O Bb7 8. Bf3
(8. Re1 $5 Nc6 (8... Bc5 $6 9. Bf3 d6 10. Nb3 Nd7 11. e5 $1 $36 {Kuczynski,
R-Polgar,J/Moscow olm/1994/CBM45/}) 9. Nxc6 dxc6 10. e5 Rd8 11. Bd3 Ne7 12. Qe2
(12. Bg5 $5 h6 13. Qh5 Rd7 14. a4 $36 {Kamsky,G-Lutz,C/Dortmund/1993/CBM35/})
12... c5 $13 {Dimitrov,V-Vyzmanavin,A/Elenite/1993/CBM38/INF59,(203)/}) 8...
Nc6 9. Nxc6 dxc6 10. a4 b4 $5 {Schwarz kann nur mit diesem Zug etwas Aktives
versuchen, sonst tauscht Weiß zuviel am Damenflügel.} (10... Nf6 11. axb5 axb5
12. Rxa8+ Bxa8 13. g3 Be7 14. Qe2 e5 $10 {Van der Wiel,J-Christiansen,L/
Antwerpen/1993/CBM37/}) 11. Nb1 Nf6 $146 {Der erste neue Zug.} (11... a5 12.
Be3 Nf6 13. Nd2 Nd7 14. Nc4 Ba6 $1 15. Be2 Rd8 16. Qe1 Bc5 17. Rd1 Bxc4 18.
Bxc4 Qe5 $36 {Lentze,I-Motwani,P/Hastings Challenger/1991/EXP26/}) 12. Nd2 Be7
13. Nc4 O-O 14. b3 (14. a5 $5 {>< b6}) 14... Rfd8 15. Qe2 a5 16. Qe3 Ba6 $1 {
Dieser Zug ist für derartige Stellungen typisch. Schwarz tauscht seinen
weißfeldrigen Läufer gegen den c4-Springer. Danach wird er die schwarzen
Felden kontrollieren.} 17. Be2 $2 {Verliert einen Bauern.} (17. Bb2 Bxc4 18.
bxc4 Nd7 $15 {/\ Bf6oder Bc5 oder Nc5}) 17... Bxc4 $1 18. Bxc4 Qe5 19. Rb1 Qxe4
20. Qxe4 Nxe4 21. Be3 Nc3 $1 22. Rbe1 Nd5 23. g3 {Weiß hofft auf die
ungleichfarbigen Läufer, aber natürlich will Schwarz seinen Riesenspringer auf
d5 behalten und nicht für den e3-Läufer hergeben.} (23. Bd4 c5 24. Be5 Bf6 $19)
23... Bf6 $1 24. Kg2 g6 25. Rd1 Rd7 26. Rd3 Rad8 27. Rfd1 e5 $1 {/\ e4 und der
d3-Turm findet nicht seinen Platz.} 28. Bxd5 cxd5 29. Bb6 Rb8 30. Bxa5 d4 $1 {
[#] Weiß hat den Bauern zurückgewonnen, aber seine Läufer befindet sich in
grosser Gefahr. /\ Ra7} 31. c3 $8 bxc3 32. Rxc3 (32. Bxc3 Rxb3 $19) 32... dxc3
33. Rxd7 Rc8 $1 {Weiß ist hilflos.} 34. Bxc3 (34. Rd1 Bg5 35. f4 exf4 36. h4 c2
37. Rc1 f3+ 38. Kxf3 Bxc1 $19) 34... Rxc3 35. b4 Ra3 36. a5 Ra4 37. Rb7 e4 38.
Rb6 Bd4 0-1

[Event "Vienna Bawag"]
[Site "Vienna"]
[Date "1996.??.??"]
[Round "4"]
[White "Roth, Peter"]
[Black "Chernin, Alexander"]
[Result "0-1"]
[WhiteElo "2315"]
[BlackElo "2595"]
[Annotator "Ribli,Z"]
[PlyCount "60"]
[EventDate "1996.05.??"]
[EventType "tourn"]
[EventRounds "9"]
[EventCountry "AUT"]
[EventCategory "9"]
[SourceTitle "CBM 054"]
[Source "ChessBase"]
[SourceDate "1996.10.01"]
[SourceVersion "1"]
[SourceVersionDate "1996.10.01"]
[SourceQuality "1"]

1. e4 {King} c5 {Eine kleine Überraschung von Chernin. Die Französische und
die Pirc-Moderne Verteidigung sind seine Lieblingseröffnungen.} 2. Nf3 e6 3. d4
cxd4 4. Nxd4 a6 5. Bd3 Bc5 6. Nb3 Be7 (6... Ba7 7. O-O Nc6 8. Qg4 Nf6 9. Qxg7
Rg8 10. Qh6 Ne5 11. Be2 b5 {kam in einer Partie Brendel - Horvath,Cs.Wien 1996
mit späterem schwarzem Gewinn.}) 7. Nc3 d6 8. f4 Qc7 9. O-O Nf6 10. Qf3 Nbd7
11. Kh1 (11. Qg3 $5) (11. Bd2 b6 12. Rae1 (12. Qg3 g6 13. e5 Nh5 14. Qf3 Bb7
15. exd6 Bxd6 16. Be4 O-O-O $13 {Akopian,V-Kamsky,G/Palma de Mallorca/1989/
INF50,(210)/}) 12... Bb7 13. Qg3 g6 14. Qh3 b5 15. f5 gxf5 16. exf5 e5 17. Rf2
Rg8 $40 {Tilak,S-Emms,J/London Lloyds/1994/EXP43/}) 11... b6 $5 {Nach 11...b5
kann Schwarz immer Probleme am Damenflügel bekommen.} 12. Bd2 (12. Qg3 $5 {
Erscheint mir als die kritische Fortsetzung.}) 12... Bb7 13. Rae1 g6 14. Qg3 h6
$5 $146 (14... h5 15. Nd4 O-O-O 16. Nf3 Kb8 17. Ng5 $13 {Minasian,A-Lein,A/Las
Vegas op/1993/}) 15. Re2 $6 O-O-O {King: Chernin's play in the opening was
noteworthy as he delayed castling for some time, only committing his king when
he felt it was safe to do so. It is unusual, though not unheard of, to castle
queenside in such Sicilian positions. Es ist ein bißchen ungewöhnlich, in
dieser Variante lang zu rochieren, aber die kurze Rochade wäre jetzt ganz
schlecht.} 16. a4 Kb8 $15 17. Na2 Nc5 18. Nxc5 (18. Nb4 Nfxe4 $4 (18... Ka7)
19. Bxe4 Bxe4 20. Nxc5 $18) 18... dxc5 19. e5 Nh5 20. Qe1 Ng7 21. Be4 Nf5 $17 {
Schwarz beginnt noch nicht mit dem Bauernsturm, er verbessert allmählich die
Position seiner Figuren.} 22. Bxb7 Qxb7 {Es droht 23.-,Nd4.} 23. Be3 g5 24. Nc3
g4 $1 {Dauerhafte Initiative und die sichere Springerposition ist wichtiger
als der Angriff (z.B. mit Rdg8).} 25. Rd2 Rxd2 26. Qxd2 h5 $19 {King: I
couldn't have wished for a more perfect example of the power of the h-pawn.
Weiss hat keine Hoffnung mehr. Er kann nichts gegen den entscheidenden
Bauernsturm unternehmen.} 27. Bf2 h4 28. Qe2 g3 29. Bg1 h3 30. Qe4 Nh4 $1 0-1